Jak německé pojišťovny investujú peníze svých zákazníků?
Kapitálová investičná činnosť v nemeckých poisťovniach. Výška poistného, ktorú prijali nemecké poisťovne od svojich zákazníkov v roku 1995. Nemecko ako tretí najväčší poisťovací trh na svete po USA a Japonsku. Výdavky nemeckých domácností na poistenie. Základné pravidlá pre kapitálové investície poi...
Salvato in:
| Autore principale: | |
|---|---|
| Natura: | Capitolo di libro |
| Lingua: | ceco |
| Soggetti: | |
| Tags: |
Nessun Tag, puoi essere il primo ad aggiungerne!!
|
MARC
| LEADER | 00000naa a2200000 4500 | ||
|---|---|---|---|
| 001 | r021966 | ||
| 005 | 20230922093023.8 | ||
| 041 | 0 | |a cze | |
| 044 | |a CZ | ||
| 245 | 1 | 0 | |a Jak německé pojišťovny investujú peníze svých zákazníků? |c V. Henke |
| 520 | |a Kapitálová investičná činnosť v nemeckých poisťovniach. Výška poistného, ktorú prijali nemecké poisťovne od svojich zákazníkov v roku 1995. Nemecko ako tretí najväčší poisťovací trh na svete po USA a Japonsku. Výdavky nemeckých domácností na poistenie. Základné pravidlá pre kapitálové investície poisťovní v Nemecku. Hlavné investičné zásady podľa nemeckého poistného práva. Stav kapitálových investícií. Dôsledky vnútorného poistného trhu na politiku kapitálových investícií v Nemecku. | ||
| 610 | 2 | 0 | |a poisťovníctvo |
| 610 | 2 | 0 | |a Nemecko |
| 610 | 2 | 0 | |a investície kapitálové |
| 610 | 2 | 0 | |a poistenie |
| 610 | 2 | 0 | |a príjmy |
| 610 | 2 | 0 | |a poisťovne |
| 610 | 2 | 0 | |a domácnosti |
| 610 | 2 | 0 | |a poistné |
| 610 | 2 | 0 | |a poistenie životné |
| 610 | 2 | 0 | |a výdavky |
| 100 | 1 | |a Henke, V. | |